| 000 | 00795cam a2200277 a 4500 | ||
|---|---|---|---|
| 001 | 17772283 | ||
| 005 | 20150512103948.0 | ||
| 008 | 130611s2014 caua frbd 001 0 eng d | ||
| 020 | _a9781446248799 | ||
| 020 | _a9781446248805 (pbk) | ||
| 040 |
_aDLC _beng _cDLC _dEG-ScBUE |
||
| 082 | 0 | 4 |
_a302.23 _bDEV _222 |
| 100 | 1 | _aDevereux, Eoin. | |
| 245 | 1 | 0 |
_aUnderstanding the media / _cEoin Devereux. |
| 250 | _a3rd ed. | ||
| 260 |
_aLos Angeles : _bSAGE Publications Ltd, _c2014. |
||
| 300 |
_axix, 329 : _bill. ; _c24 cm. |
||
| 500 | _aIndex : p. 323-329. | ||
| 500 | _aGlossary : p. 289-300. | ||
| 504 | _aBibliography : p. 300-322. | ||
| 650 | 7 |
_aMass media. _2BUEsh _99699 |
|
| 651 | _2BUEsh | ||
| 653 |
_bCOMAME _cMay2015 |
||
| 655 |
_vreading book _934232 |
||
| 942 |
_2ddc _k302.23 DEV |
||
| 999 |
_c19283 _d19255 |
||